Cities by Letter and Picture-F - Statistics

General Stats
  • This quiz has been taken 33 times
  • The average score is 6 of 12
Answer Stats
Picture Hint Answer % Correct
Asia Fuji
84%
Europe Florence
80%
Europe Frankfurt
80%
South America Fortaleza
72%
Africa Fes
64%
Asia Fukuoka
60%
Oceania Funafuti
56%
North America Fort Lauderdale
52%
North America Fort Worth
44%
Asia Faisalabad
12%
North America Fort Collins
12%
North America Fort-De-France
4%
No matching quizzes found
Score Distribution
Percent of People with Each Score
Percentile by Number Answered
Your Score History
You have not taken this quiz